00703cam a2200229 a 45000010008000000030004000080050017000120080041000290100017000700200028000870400018001150500023001330820016001561000020001722450100001922600045002923000021003375040054003586000020004126500011004326500030004431652101OSt20210115153513.0970321s1997 oru b 000 0deng  a 97010614  a1576731219 (alk. paper) aDLCcDLCdDLC00aBT771.2b.W75 199700a248.8/42211 aWright, Alan D.12aA chance at childhood again :brestoring freedom and wonder to everyday life /cAlan D. Wright. aSisters, Or. :bMultnomah Books,cc1997. a260 p. ;c19 cm. aIncludes bibliographical references (p. 259-260).10aWright, Alan D. 0aFaith. 0aChildrenxReligious life.